The practice of composition, form B

Gardado en:
Detalles Bibliográficos
Formato: Libro
Idioma:Undetermined
Publicado: New York, NY MacMillan 1962
Những chủ đề:
Các nhãn: Engadir etiqueta
Sen Etiquetas, Sexa o primeiro en etiquetar este rexistro!
Thư viện lưu trữ: Trung tâm Học liệu Trường Đại học Cần Thơ
LEADER 00485nam a2200181Ia 4500
001 CTU_125972
008 210402s9999 xx 000 0 und d
082 |a 808.84 
082 |b K47 
245 4 |a The practice of composition, form B 
245 0 |c John M. Kierzek 
260 |a New York, NY 
260 |b MacMillan 
260 |c 1962 
650 |a Technical writing,English language 
650 |x Rhetoric 
904 |i Minh 
980 |a Trung tâm Học liệu Trường Đại học Cần Thơ